| 000 | 00590nam a22002057a 4500 | ||
|---|---|---|---|
| 999 |
_c21682 _d21682 |
||
| 003 | OSt | ||
| 005 | 20210630111409.0 | ||
| 008 | 170201b xxu||||| |||| 00| 0 eng d | ||
| 020 | _a0130797820 | ||
| 040 |
_aMMU _beng. _cMMU _dMMU |
||
| 050 | _aHD75.6.G66 1999 | ||
| 100 | _aGoodstein, S. Eban. | ||
| 245 |
_aEconomics and the environment/ _cEban S. Goodstein. |
||
| 250 | _a2nd ed. | ||
| 260 |
_aNew Jersey: _bPrentice Hal, _c1999. |
||
| 300 | _axvii,558 p. : | ||
| 500 | _aIncludes bibliographical references and index. | ||
| 650 |
_aEconomics. _9179 |
||
| 942 |
_2lcc _cLOAN LOAN _e2nd ed. |
||